| 000 | 01628ngm a22003730a 4500 | ||
|---|---|---|---|
| 001 | PT16753 | ||
| 003 | AR-LpoUNG | ||
| 005 | 20210408170803.0 | ||
| 007 | vd cvaizq | ||
| 008 | 191001s1998||||ag |||||||||||||||||eng d | ||
| 037 | _c$10 | ||
| 040 |
_aAR-LpoUNG _bspa _cAR-LpoUNG _eaacr |
||
| 041 |
_aeng _aspa |
||
| 044 | _aag | ||
| 082 | 0 | _a820.3 179sha | |
| 100 | 1 |
_aMadden, John _edir. |
|
| 245 | 1 | 0 | _aShakespeare apasionado |
| 260 |
_aSan Luis : _bAVH, _c1998. |
||
| 300 | _aVHS (122 min.) : son., col. | ||
| 505 | 0 | _aDiálogos en inglés, subtítulos en castellano. - Créditos: Guión, Marc Norman, Tom Stoppard; fotografía, Richard Greatrex; edición, David Gamble; música, Stephen Warbeck. - Elenco: Joseph Fiennes (William Shakespeare), Gwyneth Paltrow (Viola De Lesseps), Geoffrey Rush (Phillip Henslowe), Judi Dench (Reina Elizabeth I), Tom Wilkinson (Hugh Fennyman), Steve O'Donnell (Lambert). | |
| 520 | _aEl joven dramaturgo William Shakespeare no está inspirado y debe escribir una obra de teatro; por ese entonces se enamora de Viola de Lesseps, aunque ella ya está comprometida en matrimonio, ambos deciden llevar adelante ese amor con todos los inconvenientes que la situación genera. | ||
| 650 | 4 | _aINGLATERRA | |
| 650 | 4 | _aLITERATURA | |
| 651 | 4 | _aReino Unido de Gran Bretaña e Irlanda del Norte | |
| 653 | _aCINE | ||
| 653 | _aCOMEDIA | ||
| 653 | _aROMANTICA | ||
| 653 | _aVIDEOS | ||
| 710 | 2 | _aMiramax Films (firma comercial) | |
| 710 | 2 | _aThe Bedford Falls Company (firma Comercial) | |
| 710 | 2 | _aUniversal Pictures (firma comercial) | |
| 905 | _a16753 | ||
| 942 | _cVideo | ||
| 999 |
_c54450 _d54450 |
||